| 000 | 01760nam a22002417a 4500 | ||
|---|---|---|---|
| 003 | Uzh_bibl | ||
| 008 | 260429b |||||||| |||| 00| 0 ukr d | ||
| 020 |
_a 5-319-00886-4 _c0.54 |
||
| 040 | _bукр. | ||
| 041 |
_2ukr _aukr |
||
| 080 | _a94(477) | ||
| 090 |
_a94(477) _bР 41 |
||
| 100 | _a | ||
| 245 |
_aРепресоване "відродження" _cУпорядн. О. І. Сидоренко, Д. В. Табачник _hТекст |
||
| 260 |
_aКиїв _bУкраїна _c1993 |
||
| 300 |
_a399 с. _fВ опр. |
||
| 520 | _aВідродження української культури у 20-ті роки саме набувало розквіту, коли сталінські поплічники розпочали полювання на її найвидатніших діячів, переслідуючи мету — дощенту винищити українську інтелігенцію. Ціла когорта талановитих вчених, письменників, художників була безпідставно репресована. Про долю М. Василенка, М. Філянського, С. Єфімова, В. Підмогильного, П. Филиповича, М. Яворського, Ф. Ернста та багатьох інших, безневинно засуджених і в переважній більшості знищених у сталінських таборах, розповідається у цій книзі. | ||
| 521 | _aДля широкого кола читачів | ||
| 546 | _aукр. | ||
| 650 | _aЛітературно-художне видання | ||
| 653 |
_aУкраїнська інтелігенція _aВчені |
||
| 942 |
_2udc _cBK |
||
| 999 |
_c17556 _d17556 |
||